[Event "PAR-ch"]
[Site "Asuncion"]
[Date "2010.07.04"]
[Round "9"]
[White "Barrientos, Edgar"]
[Black "Riva, Eric"]
[Result "1-0"]
[WhiteElo "2002"]
[BlackElo "1639"]
[PlyCount "53"]
[EventDate "2010.06.12"]
[EventType "swiss"]
[EventRounds "9"]
[EventCountry "PAR"]
[SourceTitle "CBM 137 Extra"]
[Source "ChessBase"]
[SourceDate "2010.09.01"]
[SourceVersion "1"]
[SourceVersionDate "2010.09.01"]
[SourceQuality "1"]

1. Nf3 d5 2. d4 e6 3. c3 c6 4. Bg5 Be7 5. Bf4 f5 6. g3 Nf6 7. Bg2 0-0 8. 0-0 Ne4 9. Nbd2 Nd7 10. Ne5 Nxe5 11. Bxe5 Bd6 12. Nf3 h6 13. Bxd6 Qxd6 14. Ne5 Kh7 15. Qc2 Qe7 16. f3 Ng5 17. e4 Qe8 18. Rae1 Qh5 19. exf5 exf5 20. Nd3 Be6 21. Nf4 Qf7 22. h4 Rae8 23. hxg5 hxg5 24. Nxe6 Rxe6 25. Rxe6 Qxe6 26. Qd2 Qh6 27. Kf2 1-0

[Event "PAR-ch"]
[Site "Asuncion"]
[Date "2010.06.19"]
[Round "4"]
[White "Barrientos, Edgar"]
[Black "Zacarias Martinez, Ruben David"]
[Result "1-0"]
[WhiteElo "2002"]
[BlackElo "2213"]
[PlyCount "111"]
[EventDate "2010.06.12"]
[EventType "swiss"]
[EventRounds "9"]
[EventCountry "PAR"]
[SourceTitle "CBM 137 Extra"]
[Source "ChessBase"]
[SourceDate "2010.09.01"]
[SourceVersion "1"]
[SourceVersionDate "2010.09.01"]
[SourceQuality "1"]

1. d4 Nf6 2. Nf3 g6 3. Bg5 Bg7 4. Nbd2 c5 5. c3 d6 6. e4 0-0 7. h3 h6 8. Bf4 Nh5 9. Be3 cxd4 10. Nxd4 Nc6 11. Be2 Nf6 12. 0-0 e5 13. Nxc6 bxc6 14. f4 exf4 15. Rxf4 Qe7 16. Bd4 c5 17. Bxf6 Bxf6 18. Bc4 Be5 19. Rf3 Bb7 20. Qb3 Kg7 21. Raf1 f5 22. Bd5 Rab8 23. Bxb7 Rxb7 24. Qc2 f4 25. Nc4 Rf6 26. Qd3 g5 27. Qe2 h5 28. Rd3 Kh6 29. Rfd1 Rg6 30. Nxe5 dxe5 31. Rd8 g4 32. Rh8+ Kg7 33. Rdd8 Qe6 34. h4 Qxa2 35. Rhg8+ Kh6 36. Rh8+ Rh7 37. Qd2 Qb1+ 38. Kf2 g3+ 39. Ke2 Qxe4+ 40. Kd1 Qb1+ 41. Ke2 Qe4+ 42. Kd1 Qc6 43. Qe2 Rd6+ 44. Kc1 Rxd8 45. Rxd8 Qf6 46. Qd3 Re7 47. Rg8 Qf7 48. Rh8+ Kg7 49. Rh7+ Kg8 50. Rxf7 Rxf7 51. Qd8+ Rf8 52. Qg5+ Kf7 53. Qxe5 Kg8 54. Qg5+ Kh7 55. Qxh5+ Kg7 56. Qf3 1-0

[Event "Asuncion Preclasificatorio Mayor"]
[Site "Asuncion"]
[Date "2010.04.27"]
[Round "6"]
[White "Barrientos, Edgar"]
[Black "Vazquez, Guillermo"]
[Result "1/2-1/2"]
[WhiteElo "2002"]
[BlackElo "2004"]
[PlyCount "79"]
[EventDate "2010.04.05"]
[EventType "swiss"]
[EventRounds "9"]
[EventCountry "PAR"]
[SourceTitle "EXT 2023"]
[Source "ChessBase"]
[SourceDate "2022.10.05"]
[SourceVersion "1"]
[SourceVersionDate "2022.10.05"]
[SourceQuality "1"]

1. d4 Nf6 2. Nf3 g6 3. Bg5 Bg7 4. Nbd2 d5 5. e3 0-0 6. Bd3 c5 7. c3 Qb6 8. Rb1 Nc6 9. 0-0 Bf5 10. Bxf5 gxf5 11. Ne5 Nxe5 12. dxe5 Ng4 13. Bxe7 Rfe8 14. Bd6 Bxe5 15. Bxe5 Nxe5 16. Nf3 Rad8 17. Nxe5 Rxe5 18. Qf3 Qg6 19. Rbd1 Qg4 20. Qg3 Qxg3 21. hxg3 Kf8 22. Rd2 Ke7 23. Rfd1 Ke6 24. Kf1 b5 25. Ke2 Rd7 26. Rh1 f6 27. Kf3 a5 28. Rhd1 Re4 29. Ke2 b4 30. Rc2 Rc4 31. Kd3 Ke5 32. b3 Rxc3+ 33. Rxc3 bxc3 34. Kxc3 Ke4 35. Re1 Rb7 36. f3+ Ke5 37. Rh1 Rg7 38. Rh3 Ke6 39. Kd3 Ke5 40. Kc3 1/2-1/2

[Event "Asuncion Preclasificatorio Mayor"]
[Site "Asuncion"]
[Date "2010.04.14"]
[Round "2"]
[White "Barrientos, Edgar"]
[Black "Buzo, Juan Carlos"]
[Result "1/2-1/2"]
[WhiteElo "2002"]
[BlackElo "1830"]
[PlyCount "122"]
[EventDate "2010.04.05"]
[EventType "swiss"]
[EventRounds "9"]
[EventCountry "PAR"]
[SourceTitle "EXT 2023"]
[Source "ChessBase"]
[SourceDate "2022.10.05"]
[SourceVersion "1"]
[SourceVersionDate "2022.10.05"]
[SourceQuality "1"]

1. d4 c5 2. c3 d5 3. Nf3 Nf6 4. Bg5 Ne4 5. Bf4 Nc6 6. e3 e6 7. Bd3 Bd6 8. Ne5 0-0 9. Nxc6 bxc6 10. Bxd6 Qxd6 11. f3 Nf6 12. 0-0 e5 13. dxe5 Qxe5 14. Re1 c4 15. Bc2 Bf5 16. Nd2 Bxc2 17. Qxc2 Rfe8 18. Re2 Re7 19. Rae1 Rae8 20. e4 Qg5 21. Nf1 dxe4 22. fxe4 Nh5 23. b3 Nf4 24. Re3 cxb3 25. axb3 Qc5 26. Qf2 Qe5 27. Nd2 Ng6 28. Nf3 Qc5 29. Nd4 Ne5 30. Rg3 Ng6 31. Qf3 Qb6 32. Kh1 Qc7 33. Nf5 Re6 34. h4 Rf6 35. Re3 Kh8 36. Qg4 Rg8 37. h5 Ne7 38. h6 Nxf5 39. exf5 g6 40. Qd4 Qd8 41. Qxd8 Rxd8 42. fxg6 hxg6 43. Re7 Kh7 44. Rxa7 Kxh6 45. Rc7 Kg7 46. Re3 g5 47. Kh2 Kg6 48. Kg3 Rdd6 49. Rc8 Kg7 50. Rce8 Rf4 51. R8e7 Kg6 52. b4 Rd2 53. Rf3 Rxf3+ 54. Kxf3 Rd3+ 55. Re3 Rd6 56. Ke4 f6 57. Rd3 f5+ 58. Ke3 f4+ 59. Ke4 Re6+ 60. Kd4 Rd6+ 61. Ke4 Re6+ 1/2-1/2

[Event "PAR-ch"]
[Site "Asuncion"]
[Date "2008.06.24"]
[Round "9"]
[White "Recalde, Ariel"]
[Black "Barrientos, Edgar"]
[Result "1/2-1/2"]
[WhiteElo "2010"]
[BlackElo "2080"]
[PlyCount "45"]
[EventDate "2008.05.31"]
[EventType "swiss"]
[EventRounds "11"]
[EventCountry "PAR"]
[SourceTitle "EXT 2009"]
[Source "ChessBase"]
[SourceDate "2008.11.26"]
[SourceVersion "1"]
[SourceVersionDate "2008.11.26"]
[SourceQuality "1"]

1. Nf3 d5 2. c4 c6 3. b3 Nf6 4. Bb2 g6 5. g3 Bg7 6. Bg2 0-0 7. 0-0 Bg4 8. d3 Nbd7 9. Nbd2 Re8 10. d4 Bxf3 11. Nxf3 Ne4 12. Nd2 Nxd2 13. Qxd2 Nf6 14. cxd5 cxd5 15. Rac1 Qd7 16. Rc2 Rac8 17. Rfc1 e6 18. Qa5 b6 19. Qa6 Rxc2 20. Rxc2 Ne4 21. Qd3 Nd6 22. e3 Rc8 23. Ba3 1/2-1/2

[Event "PAR-ch"]
[Site "Asuncion"]
[Date "2008.06.15"]
[Round "6"]
[White "Barrientos, Edgar"]
[Black "Galeano, Mario"]
[Result "1/2-1/2"]
[WhiteElo "2080"]
[BlackElo "2026"]
[PlyCount "84"]
[EventDate "2008.05.31"]
[EventType "swiss"]
[EventRounds "11"]
[EventCountry "PAR"]
[SourceTitle "CBM 124 Extra"]
[Source "ChessBase"]
[SourceDate "2008.07.03"]
[SourceVersion "1"]
[SourceVersionDate "2008.07.03"]
[SourceQuality "1"]

1. d4 Nf6 2. Nf3 d6 3. c4 Bg4 4. Nc3 c6 5. Bg5 Nbd7 6. e3 e5 7. Be2 e4 8. Nxe4 Qa5+ 9. Qd2 Qf5 10. Ng3 Qe6 11. d5 Qe7 12. dxc6 bxc6 13. Nd4 Bxe2 14. Nxc6 Qe6 15. Qxe2 Rc8 16. Nd4 Qxc4 17. 0-0 Qxe2 18. Ngxe2 h6 19. Bxf6 Nxf6 20. Rac1 Rb8 21. Rc7 Rxb2 22. Rxa7 Nd7 23. Nc3 g6 24. Ncb5 Be7 25. Ra8+ Bd8 26. Nc6 0-0 27. a4 Bb6 28. Rxf8+ Kxf8 29. Nxd6 Ra2 30. Nc4 Rxa4 31. Nxb6 Nxb6 32. g3 Ra2 33. Rb1 Nc4 34. Rb8+ Kg7 35. Rb7 Nd6 36. Re7 Kf6 37. e4 Kg7 38. e5 Ne4 39. e6 Rxf2 40. exf7 Rf6 41. Rxe4 Rxc6 42. Rf4 Rc8 1/2-1/2

[Event "South American-ch U16"]
[Site "Parana"]
[Date "2007.01.??"]
[Round "4"]
[White "Blit, Jacques"]
[Black "Barrientos, Edgar"]
[Result "1/2-1/2"]
[WhiteElo "2306"]
[BlackElo "2060"]
[PlyCount "117"]
[EventDate "2007.01.01"]
[EventType "swiss"]
[EventRounds "9"]
[EventCountry "ARG"]
[SourceTitle "EXT 2022"]
[Source "ChessBase"]
[SourceDate "2021.10.06"]
[SourceVersion "1"]
[SourceVersionDate "2021.10.06"]
[SourceQuality "1"]

1. e4 c5 2. Nf3 Nc6 3. d4 cxd4 4. Nxd4 Nf6 5. Nc3 e5 6. Ndb5 d6 7. Bg5 a6 8. Na3 b5 9. Bxf6 gxf6 10. Nd5 f5 11. exf5 Bxf5 12. c3 Bg7 13. Nc2 Ne7 14. Nce3 Be6 15. g3 Nxd5 16. Nxd5 0-0 17. Bg2 Rb8 18. 0-0 f5 19. Nb4 Rb6 20. a4 e4 21. a5 Rb7 22. Nxa6 Bc4 23. Re1 Ra7 24. Nb4 Rxa5 25. Rxa5 Qxa5 26. Qxd6 Rd8 27. Qf4 Qb6 28. Nc2 Be6 29. Ne3 Kh8 30. Nxf5 Bxf5 31. Qxf5 Rf8 32. Qxe4 Qxf2+ 33. Kh1 Qxb2 34. Bf1 Rf2 35. Kg1 Qd2 36. Qe3 Bxc3 37. Qe8+ Kg7 38. Re7+ Kh6 39. g4 Rxf1+ 40. Kxf1 Qd1+ 41. Kf2 Bd4+ 42. Kg3 Qg1+ 43. Kf3 Qh1+ 44. Ke2 Qxh2+ 45. Kd3 Bf6 46. Rb7 Qd6+ 47. Ke4 Qd4+ 48. Kf5 Qf2+ 49. Ke6 Qe3+ 50. Kf7 Qxe8+ 51. Kxe8 Kg5 52. Kf7 Bc3 53. Rxb5+ Kxg4 54. Rb3 Ba1 55. Rb1 Bc3 56. Rg1+ Kf4 57. Rh1 Kg3 58. Ke6 Bd2 59. Rxh7 1/2-1/2